00862nam a2200241 i 45000010005000000030009000050050017000140070003000310080041000340200018000750800013000930800009001061000030001152450105001452600068002503000055003185000015003736500029003886500030004178520036004479990015004839520122004988078ES-MaACL20230906145357.0t|910624s1986 xxuaf |||| | eng d a0-226-65731-0 a7.037.03 a7.011 aPerloff, Marjorie.99129414aThe futurist moment b: avant-garde, avant guerre, and the language of rupture / cMarjorie Perloff. aChicago ; aLondon : bThe University of Chicago Press, c1986. aXXIII, 288 p., [8] p. de lám. : bil. ; c24 cm. aÍndices.14aFuturismo (Arte)916199214aEstética-yS.XX.912540 aES-MaACLjL-15237 z- enc. tela c8078d8078 00104070aATENEOMbATENEOMcDEPO2d2008-01-17eSCl0oL-15237p1008237r2023-02-23 00:00:00w2023-02-23yMONOGRAFIA